LEADER 01325nam a2200289 4500 001 000000364420 003 CaOOAMICUS 005 20250926170927.0 008 250919s1993 it 000 u ita r 020 $a88-339-0800-3 040 $aSeMil$bita 100 1 $aSchumpeter, Joseph Alois,$d<1883-1950>.$0(OLS)http://semarc/name/89983 245 12$aL'imprenditore e la storia dell'impresa :$bscritti 1927-1949 /$cJoseph A. Schumpeter ; a cura di Alfredo Salsano. 264 1$aTorino :$bBollati Boringhieri,$c1993. 300 $aXXVII, 144 p. ;$c20 cm 490 1 $aL'Età moderna ;$v11 650 4$aImprenditorialità.$0(OLS)http://semarc/subject/55235 650 4$aImpresa - Storia.$0(OLS)http://semarc/subject/58605 700 1 $aSalsano, Alfredo,$d<1939-2004>.$0(OLS)http://semarc/name/8753 830 2$aL'Età moderna ;$v11.$0(OLS)http://semarc/title/329446 850 $aSeMil 852 $aSeMil$W1$xVenegono$y1$m3M I 422$j262426$B255287$CSeMilBibl$Z2$F255287 $81 961 $aBuzzi mons. Franco - Omaggio 996 $6020$a88-339-0800-3$9(OLS)http://semarc/number/304167 996 $6245$aL'imprenditore e la storia dell'impresa :$bscritti 1927-1949$9(OLS)http://semarc/title/455791 996 $6264$aTorino :$bBollati Boringhieri$9(OLS)http://semarc/publisher/31556 LEADER 00853nam a2200217 i 4500 001 000000195451 003 CaOOAMICUS 005 20161205000000.0 008 161205s1840 it u000 u fre u 013 $a174128 040 $aSeMil$bita 100 1 $aRossi, Pellegrino <1787-1848>.$0(OLS)http://semarc/name/6579 245 10$aCours d'économie politique :$bannée 1836-1837 /$cpar m. P. Rossi. 260 $aBruxelles :$bHauman,$c1840. 300 $a569 p. ;$c26 cm. 500 $aManca il front. 650 4$aEconomia politica - Manuali.$0(OLS)http://semarc/subject/2311 850 $aSeMil 852 $aSeMil$W1$xVenegono$y1$m3N V 4 FA$j146020$B146020$CSeMilBibl$Z2$F214842 $8I 996 $6245$aCours d'économie politique :$bannée 1836-1837$9(OLS)http://semarc/title/282010 996 $6260$aBruxelles :$bHauman$9(OLS)http://semarc/publisher/50756